000 00527nam a2200217Ia 4500
003 OSt
005 20221005120352.0
006 a|||||r|||| 00| 0
007 ta
008 221004b |||||||| |||| 00| 0 guj d
024 _a46530
037 _cTextual
040 _aCRL
_cCRL
_bguj
041 _2guj
_aguj
082 _aO156,2N161,11, J7
100 _aJoshi
245 0 _aDurwankur
650 _aGUJRATI LITERATURE
942 _hO156,2N161,11, J7
_cTEXL
_2cc
999 _c1037774
_d1037774